[Event "Box Hill op"]
[Site "Box Hill"]
[Date "2019.12.06"]
[Round "7"]
[White "Cook, Geoff L"]
[Black "Jansen, Tony"]
[Result "1-0"]
[WhiteElo "1553"]
[BlackElo "1178"]
[PlyCount "87"]
[EventDate "2019.10.18"]
[EventType "swiss"]
[EventRounds "9"]
[EventCountry "AUS"]
[SourceTitle "EXT 2021"]
[Source "ChessBase"]
[SourceDate "2020.10.23"]
[SourceVersion "1"]
[SourceVersionDate "2020.10.23"]
[SourceQuality "1"]

1. d4 d5 2. c4 e6 3. Nc3 Nf6 4. cxd5 exd5 5. Bg5 Be7 6. e3 0-0 7. Bd3 c6 8. Nf3 Re8 9. 0-0 Nbd7 10. Rb1 Nf8 11. b4 a6 12. Qc2 Ng6 13. a4 Ne4 14. Bxe7 Qxe7 15. b5 Nxc3 16. Qxc3 axb5 17. axb5 Bd7 18. bxc6 Bxc6 19. Ra1 f6 20. Qc2 Nf8 21. Rfb1 Rxa1 22. Rxa1 Qb4 23. h3 Rc8 24. Qa2 b6 25. Rb1 Qa5 26. Qb3 Rb8 27. Bb5 Rc8 28. Rc1 Qxb5 29. Qxb5 Bxb5 30. Rxc8 Bc4 31. Nd2 b5 32. e4 Kf7 33. exd5 Bxd5 34. Rc5 Ke6 35. Rxb5 g5 36. f3 h5 37. Kf2 Ng6 38. Ne4 Ne7 39. Rb6+ Nc6 40. Ke3 Kf5 41. Nc3 Ke6 42. g3 f5 43. Nxd5 Kxd5 44. Rb5+ 1-0

[Event "Victoria op"]
[Site "Melbourne"]
[Date "2008.06.07"]
[Round "1"]
[White "Cook, Geoff L"]
[Black "Goldenberg, Igor"]
[Result "0-1"]
[WhiteElo "1599"]
[BlackElo "2362"]
[PlyCount "122"]
[EventDate "2008.06.07"]
[EventType "swiss"]
[EventRounds "7"]
[EventCountry "AUS"]
[SourceTitle "EXT 2010"]
[Source "ChessBase"]
[SourceDate "2010.11.25"]
[SourceVersion "1"]
[SourceVersionDate "2010.11.25"]
[SourceQuality "1"]

1. d4 d6 2. c4 Nf6 3. Nc3 g6 4. e4 Bg7 5. Nf3 e5 6. Be2 Na6 7. Be3 0-0 8. 0-0 Qe8 9. d5 Ng4 10. Bc1 f5 11. Ne1 Nf6 12. f3 fxe4 13. fxe4 Nc5 14. Bf3 a5 15. Nd3 b6 16. Nxc5 dxc5 17. b3 Qe7 18. Bg5 Qd7 19. Qd2 Ne8 20. Be2 Rxf1+ 21. Rxf1 Nd6 22. Bh6 Qe7 23. Bg5 Qe8 24. Qe3 Bd7 25. a4 Nf7 26. Bh4 h6 27. Bf6 Bxf6 28. Rxf6 Kg7 29. Rf1 Nd6 30. Qg3 Qe7 31. Bh5 Qg5 32. Qxg5 hxg5 33. Be2 Re8 34. Kf2 Rh8 35. Kg3 Rh4 36. Bf3 Rf4 37. h3 g4 38. hxg4 Bxg4 39. Rh1 Bd7 40. Rh4 g5 41. Rxf4 exf4+ 42. Kf2 Kf6 43. Ke1 Ke5 44. g4 fxg3 45. Bg2 Bg4 46. Kd2 Kf4 47. Bh1 Bf3 48. Bxf3 Kxf3 49. e5 Ne4+ 50. Nxe4 g2 51. Nxg5+ Kg4 52. e6 g1Q 53. e7 Qf2+ 54. Kd1 Qf1+ 55. Kd2 Qf4+ 56. Kd1 Qd4+ 57. Kc2 Qh8 58. Ne4 Kf5 59. d6 Qe5 60. dxc7 Qxe4+ 61. Kc1 Qa8 0-1

[Event "Box Hill op"]
[Site "Box Hill"]
[Date "2001.10.12"]
[Round "6.8"]
[White "Meydan, Arie"]
[Black "Cook, Geoff L"]
[Result "1-0"]
[WhiteElo "1827"]
[BlackElo "1720"]
[PlyCount "61"]
[EventDate "2001.09.??"]
[EventType "swiss"]
[EventRounds "7"]
[EventCountry "AUS"]
[SourceTitle "EXT 2003"]
[Source "ChessBase"]
[SourceDate "2002.11.25"]
[SourceVersion "1"]
[SourceVersionDate "2002.11.25"]
[SourceQuality "1"]

1. e4 c5 2. Nc3 e6 3. Nf3 d6 4. d4 cxd4 5. Nxd4 Nf6 6. g4 Nc6 7. Be3 a6 8. Nxc6 bxc6 9. Bg2 Bb7 10. 0-0 Be7 11. f4 0-0 12. g5 Nd7 13. Qh5 g6 14. Qh6 f6 15. Qh3 f5 16. exf5 exf5 17. Bd4 Re8 18. Ne4 d5 19. Nc3 Bc5 20. Rad1 Bxd4+ 21. Rxd4 Qb6 22. Rfd1 Nc5 23. Kf1 Rad8 24. b4 Ne4 25. Bxe4 fxe4 26. Nxe4 Rxe4 27. Rxe4 Bc8 28. Qb3 Kf8 29. Ree1 Bf5 30. Qc3 Qc7 31. Qh8+ 1-0

[Event "Box Hill op"]
[Site "Box Hill"]
[Date "2001.10.05"]
[Round "5.6"]
[White "Bourmistrov, Denis"]
[Black "Cook, Geoff L"]
[Result "1/2-1/2"]
[WhiteElo "1944"]
[BlackElo "1720"]
[PlyCount "105"]
[EventDate "2001.09.??"]
[EventType "swiss"]
[EventRounds "7"]
[EventCountry "AUS"]
[SourceTitle "EXT 2003"]
[Source "ChessBase"]
[SourceDate "2002.11.25"]
[SourceVersion "1"]
[SourceVersionDate "2002.11.25"]
[SourceQuality "1"]

1. d4 Nf6 2. c4 e6 3. Nc3 Bb4 4. a3 Bxc3+ 5. bxc3 Ne4 6. Qc2 f5 7. Nh3 b6 8. f3 Nf6 9. Bg5 Bb7 10. e3 d6 11. Bd3 Nbd7 12. 0-0 Qe7 13. Nf4 0-0-0 14. Rfe1 Qf7 15. d5 exd5 16. Bxf5 Rde8 17. cxd5 Nxd5 18. Nxd5 Bxd5 19. c4 Bc6 20. c5 dxc5 21. e4 h6 22. Be3 Kb8 23. Rab1 Bb7 24. a4 Ne5 25. a5 Qc4 26. Qb2 Nd3 27. Qe2 Ba6 28. axb6 axb6 29. Red1 Rd8 30. f4 Rhf8 31. Rd2 Ne5 32. Rxd8+ Rxd8 33. Qxc4 Nxc4 34. Bxc5 Bb7 35. Bb4 Ne3 36. Bg6 Rd4 37. Bf8 Bxe4 38. Bxe4 Rxe4 39. Bxg7 Nf5 40. Be5 Kb7 41. Kf2 h5 42. g3 Nd4 43. Rd1 c5 44. Bxd4 Rxd4 45. Rxd4 cxd4 46. Kf3 Kc6 47. Ke4 Kc5 48. f5 b5 49. Ke5 d3 50. f6 d2 51. f7 d1Q 52. f8Q+ Kc4 53. Qf4+ 1/2-1/2

[Event "Box Hill op"]
[Site "Box Hill"]
[Date "2001.09.28"]
[Round "4.3"]
[White "Cook, Geoff L"]
[Black "Kempen, Leon JP"]
[Result "0-1"]
[WhiteElo "1720"]
[BlackElo "2034"]
[PlyCount "134"]
[EventDate "2001.09.??"]
[EventType "swiss"]
[EventRounds "7"]
[EventCountry "AUS"]
[SourceTitle "EXT 2003"]
[Source "ChessBase"]
[SourceDate "2002.11.25"]
[SourceVersion "1"]
[SourceVersionDate "2002.11.25"]
[SourceQuality "1"]

1. d4 Nf6 2. c4 e6 3. Nc3 Bb4 4. e3 Bxc3+ 5. bxc3 b6 6. Nf3 0-0 7. Bd3 Bb7 8. 0-0 c5 9. Re1 Be4 10. Bxe4 Nxe4 11. Qd3 f5 12. Nd2 Qh4 13. Rf1 Rf6 14. f3 Ng5 15. f4 Nf7 16. Nf3 Qh5 17. e4 Na6 18. e5 Rg6 19. Be3 Nh6 20. Kh1 Rd8 21. dxc5 Nxc5 22. Bxc5 bxc5 23. Qd6 Qg4 24. g3 Nf7 25. Qe7 Rf8 26. Rab1 Rh6 27. Kg2 Qh3+ 28. Kf2 Rh5 29. Rh1 Qg4 30. Qxc5 g5 31. Qe3 Kh8 32. Rb7 Rd8 33. Rxa7 gxf4 34. Qxf4 Qg7 35. Qd4 Nh6 36. Rd1 Ng4+ 37. Kg2 Qh6 38. Rh1 Ne3+ 39. Kg1 Rb8 40. Nd2 Nc2 41. Qf4 Qf8 42. Qf2 Qc8 43. h4 Qc6 44. Kh2 Rh6 45. Qf3 Qc5 46. Rxd7 Qxe5 47. Kh3 Rg6 48. Qf4 Qxf4 49. gxf4 Rg7 50. Rxg7 Kxg7 51. Nb3 Ra8 52. Nc1 Kf6 53. Rh2 Ne3 54. c5 Nd5 55. Kg3 Ra3 56. Nb3 Nxc3 57. Rc2 Nxa2 58. Rb2 Nc1 59. Rc2 Nxb3 60. Kg2 Nd4 61. Rd2 Nc6 62. Rd6 Ra6 63. h5 Nb4 64. Rd7 Nd5 65. Kf3 Ra3+ 66. Kf2 Nxf4 67. Rxh7 Rc3 0-1